| 000 | 00564nam a2200217Ia 4500 | ||
|---|---|---|---|
| 005 | 20140402075139.0 | ||
| 008 | 140306s9999 xx 000 0 und d | ||
| 020 | _a9.7805902756e+012 | ||
| 050 |
_aPZ 7 _b.B654No 1994 |
||
| 100 | _aBlonder, Ellen | ||
| 245 |
_aNoisy Breakfast / _cEllen Blonder |
||
| 260 |
_aUSA : _bScholastic Inc, _cc1994. |
||
| 300 |
_a16 p. : _bcol. Ill. ; _c18 cm. |
||
| 521 | _aBR | ||
| 526 | _cBR | ||
| 650 |
_aBreakfasts _xFiction. |
||
| 650 |
_aNoise _xFiction. |
||
| 650 | _aOversize books. | ||
| 942 |
_cBK _2lcc |
||
| 999 |
_c42864 _d42864 |
||